Statystyki dla Stolice Ameryki

Kliknij tutaj aby rozwiązać quiz!

Ogólne statystyki

  • Ten quiz został rozwiązany 14 441 razy
    (14 413 od ostatniego zresetowania)
  • Średni wynik to 21 z 35

Statystyki odpowiedzi

PaństwoStolica% Poprawnych
ArgentynaBuenos Aires
90%
MeksykMeksyk
89%
BrazyliaBrasilia
87%
Stany ZjednoczoneWaszyngton
87%
KanadaOttawa
86%
PanamaPanama
80%
KubaHawana
78%
ChileSantiago
78%
PeruLima
77%
KolumbiaBogota
72%
GwatemalaGwatemala
71%
BoliwiaLa Paz/Sucre
69%
UrugwajMontevideo
69%
EkwadorQuito
69%
JamajkaKingston
66%
SalwadorSan Salvador
64%
DominikanaSanto Domingo
64%
WenezuelaCaracas
63%
KostarykaSan Jose
60%
GujanaGeorgetown
59%
HaitiPort-au-Prince
58%
NikaraguaManagua
56%
BelizeBelmopan
54%
ParagwajAsuncion
52%
BahamyNassau
51%
HondurasTegucigalpa
49%
SurinamParamaribo
44%
Trynidad i TobagoPort-of-Spain
41%
Antigua i BarbudaSaint John's
40%
BarbadosBridgetown
39%
Saint Vincent i GrenadynyKingstown
37%
DominikaRoseau
36%
GrenadaSaint George's
36%
Saint LuciaCastries
25%
Saint Kitts i NevisBasseterre
23%

Rozkład punktacji

Percentyl według liczby udzielonych odpowiedzi

Procent ludzi z każdym wynikiem

Twoja historia wyników

Nie rozwiązałeś tego quizu od ostatniego zresetowania